Countries by Number of Nobel Laureates - Statistics

General Stats
  • This quiz has been taken 65 times
    6 since last reset
  • The average score is 52 of 72
Answer Stats
# Answer % Correct
12 Australia
100%
21 Austria
100%
11 Belgium
100%
1 Brazil
100%
25 Canada
100%
8 China
100%
13 Denmark
100%
4 Egypt
100%
68 France
100%
2 Greece
100%
12 Israel
100%
20 Italy
100%
26 Japan
100%
21 Netherlands
100%
3 New Zealand
100%
14 Poland
100%
2 Portugal
100%
4 Romania
100%
26 Russia
100%
1 South Korea
100%
31 Sweden
100%
1 Taiwan
100%
2 Turkey
100%
128 United Kingdom
100%
371 United States
100%
1 Vietnam
100%
2 Chile
80%
5 Czech Republic
80%
5 Finland
80%
107 Germany
80%
13 Hungary
80%
1 Iceland
80%
10 India
80%
1 Iran
80%
8 Ireland
80%
2 Luxembourg
80%
3 Mexico
80%
1 Myanmar
80%
13 Norway
80%
1 Peru
80%
1 Slovenia
80%
10 South Africa
80%
7 Spain
80%
26 Switzerland
80%
2 Algeria
60%
5 Argentina
60%
2 Belarus
60%
2 Bosnia and Herzegovina
60%
1 Bulgaria
60%
2 Colombia
60%
1 Croatia
60%
1 Cyprus
60%
1 Kenya
60%
1 Morocco
60%
2 Pakistan
60%
5 Ukraine
60%
1 Venezuela
60%
1 Azerbaijan
40%
1 Bangladesh
40%
1 Ghana
40%
1 Latvia
40%
3 Lithuania
40%
1 Macedonia
40%
1 Nigeria
40%
2 Saint Lucia
40%
1 Yemen
40%
2 East Timor
20%
1 Eritrea
20%
2 Guatemala
20%
1 Costa Rica
0%
2 Liberia
0%
1 Trinidad and Tobago
0%
No matching quizzes found
Score Distribution
Percent of People with Each Score
Percentile by Number Answered
Your Score History
You have not taken this quiz since the last reset